American Revolution A-Z - Statistics

General Stats
  • This quiz has been taken 555 times
    169 since last reset
  • The average score is 15 of 24
Answer Stats
Letter Clue Thing/Answer % Correct
D River that Washington crossed Delaware
96%
G English king in the war George
96%
L French king who involved in the war Louis XVI
90%
U Country formed after the war USA
89%
J Day that the US seceded from the British July 4
83%
K Franklin famously used a ____ for his electricity experiment Kite
82%
B Traitor of the Americans, sided with British Benedict Arnold
81%
Y Final battle of the American Revolution Yorktown
74%
N State where the battles of Fort Johnson and Cape Fear River took place North Carolina
73%
C Army led by Washington Continental
72%
T Writer of Common Sense Thomas Paine
72%
V Place where Washington stationed his troops in the winter. Valley Forge
72%
H German soldiers that were hired by the British Hessians
71%
M Term given to people who were mobile and fought quickly in Massachusetts Minutemen
70%
P Battle fought near a namesake university in New Jersey Princeton
66%
O Thomas Jefferson described this river as "the most beautiful river" Ohio
65%
A First "Constitution" made by the USA Articles of Confederation
58%
Q Act that stated:Great Britain would house its soldiers in American barracks and public houses. Quartering
57%
S Turning point of the American Revolution Saratoga
55%
F Battle near Lake Champlain that also has a namesake of a pencil brand Fort Ticonderoga
37%
I Acts that put a state in direct control of the British Intolerable
28%
E What were the British.(think 1900s) Empire
27%
R Main French general in the War Rochambeau
22%
W Fort that was surrendered to the British. It is now one of four US mint sites. West Point
10%
No matching quizzes found
Score Distribution
Percent of People with Each Score
Percentile by Number Answered
Your Score History
You have not taken this quiz since the last reset